000 00186 a2200097 4500
001 38019
100 _aThompson S
245 _a
260 _aSingapore
_b
_c1988
090 _c24198
_d24198
942 _aNUST-CAE
_c
_c15778
999 _c273092
_d273092